[Event "Valencia Paterna Gp-B 2nd"]
[Site "Valencia"]
[Date "2021.10.18"]
[Round "4"]
[White "Howell, David"]
[Black "Roca Galarza, Jose"]
[Result "1-0"]
[WhiteElo "2658"]
[BlackElo "2297"]
[PlyCount "93"]
[EventDate "2021.10.18"]
[EventType "tourn (rapid)"]
[EventRounds "7"]
[EventCountry "ESP"]
[EventCategory "6"]
[SourceTitle "CBM 204 Extra"]
[Source "ChessBase"]
[SourceDate "2021.11.30"]
[SourceVersion "1"]
[SourceVersionDate "2021.11.30"]
[SourceQuality "1"]

1. e4 Nf6 2. d3 e5 3. Nf3 Nc6 4. Be2 d5 5. Nbd2 Bc5 6. 0-0 0-0 7. c3 a5 8. Qc2 b6 9. h3 Re8 10. Re1 Ba6 11. Nf1 h6 12. Ng3 Qd7 13. exd5 Nxd5 14. Bd2 Rad8 15. Rad1 Nf4 16. Bxf4 exf4 17. Ne4 Bf8 18. Bf1 f5 19. Ned2 Rxe1 20. Nxe1 g5 21. d4 Bxf1 22. Nxf1 Bg7 23. Qe2 Kf8 24. Nd3 Qd5 25. Nd2 Re8 26. Qf3 Qxf3 27. Nxf3 Re2 28. Kf1 Re8 29. a4 Bf6 30. Nd2 Ne7 31. Re1 Nc8 32. Rxe8+ Kxe8 33. Nc4 Ke7 34. Ke2 Ke6 35. b3 Kd5 36. Nd2 Nd6 37. Nf3 Ne4 38. c4+ Kd6 39. d5 h5 40. Nd2 Bc3 41. Nf1 Bd4 42. Nd2 Bc3 43. Nf1 Bd4 44. f3 Nf6 45. h4 gxh4 46. Nxf4 Be5 47. Nd3 1-0

[Event "Paterna Blitz"]
[Site "Paterna"]
[Date "2020.09.30"]
[Round "5"]
[White "Roca Galarza, Jose"]
[Black "Yuffa, Daniil"]
[Result "0-1"]
[WhiteElo "2355"]
[BlackElo "2524"]
[PlyCount "83"]
[EventDate "2020.09.30"]
[EventType "tourn (blitz)"]
[EventRounds "9"]
[EventCountry "ESP"]
[EventCategory "8"]
[SourceTitle "EXT 2023"]
[Source "ChessBase"]
[SourceDate "2022.10.05"]
[SourceVersion "1"]
[SourceVersionDate "2022.10.05"]
[SourceQuality "1"]

1. Nf3 c5 2. c4 g6 3. d4 Bg7 4. e4 d6 5. dxc5 Qa5+ 6. Nfd2 dxc5 7. Bd3 Nc6 8. 0-0 e6 9. Nb3 Qb6 10. Nc3 Nge7 11. Be3 Nd4 12. Na4 Qd8 13. Naxc5 Ndc6 14. Na4 0-0 15. c5 Bd7 16. Nc3 b6 17. Rc1 bxc5 18. Nxc5 Bc8 19. b3 Rb8 20. Bc4 Nd4 21. Ne2 Nec6 22. Nxd4 Nxd4 23. Na4 Bb7 24. f3 Qd6 25. Qd2 Rbd8 26. Qf2 Qe7 27. Rfd1 e5 28. Nc5 Bc8 29. Nd3 Kh8 30. Rd2 f5 31. Qe1 fxe4 32. fxe4 Bb7 33. Nf2 Qh4 34. Bd5 Bxd5 35. exd5 Rxd5 36. Rc7 a6 37. Qf1 Rd6 38. Qc4 Qf6 39. Rc8 Rxc8 40. Qxc8+ Rd8 41. Qc4 Nf5 42. Bc5 0-1

[Event "ESP-ch rapid"]
[Site "Linares"]
[Date "2013.08.26"]
[Round "2"]
[White "Roca Galarza, Jose"]
[Black "Matamoros Franco, Carlos S"]
[Result "0-1"]
[WhiteElo "2306"]
[BlackElo "2545"]
[PlyCount "52"]
[EventDate "2013.08.26"]
[EventType "swiss (rapid)"]
[EventRounds "9"]
[EventCountry "ESP"]
[SourceTitle "CBM 156 Extra"]
[Source "ChessBase"]
[SourceDate "2013.10.22"]
[SourceVersion "1"]
[SourceVersionDate "2013.10.22"]
[SourceQuality "1"]

1. Nf3 Nf6 2. c4 g6 3. Nc3 Bg7 4. e4 d6 5. d4 0-0 6. Be2 e5 7. Be3 exd4 8. Nxd4 Re8 9. f3 c6 10. Bf2 d5 11. exd5 cxd5 12. 0-0 Nc6 13. c5 Re5 14. Qd2 Bd7 15. Rfd1 Qf8 16. Nxc6 bxc6 17. g3 h5 18. b4 Rae8 19. Bd3 h4 20. Rab1 hxg3 21. hxg3 Bh6 22. Qc2 Be3 23. Re1 Qh6 24. Rxe3 Rxe3 25. Qd2 Ng4 26. Bxe3 Rxe3 0-1

[Event "Mislata op-A 20th"]
[Site "Mislata"]
[Date "2012.08.18"]
[Round "8"]
[White "Remolar Gallen, Jose"]
[Black "Roca Galarza, Jose"]
[Result "1/2-1/2"]
[WhiteElo "2167"]
[BlackElo "2338"]
[PlyCount "108"]
[EventDate "2012.08.13"]
[EventType "swiss"]
[EventRounds "9"]
[EventCountry "ESP"]
[SourceTitle "EXT 2013"]
[Source "ChessBase"]
[SourceDate "2012.11.22"]
[SourceVersion "1"]
[SourceVersionDate "2012.11.22"]
[SourceQuality "1"]

1. e4 d5 2. Nf3 dxe4 3. Ng5 Bf5 4. Nc3 Nf6 5. Bc4 e6 6. Qe2 Nc6 7. Bb5 Qd7 8. Ngxe4 Nxe4 9. Nxe4 a6 10. Bxc6 Qxc6 11. d3 Bb4+ 12. Bd2 Bxd2+ 13. Kxd2 0-0-0 14. Rae1 Rd4 15. f3 Rhd8 16. Nc3 b5 17. Qe3 b4 18. Ne2 R4d5 19. g4 Bxd3 20. cxd3 Rxd3+ 21. Qxd3 Rxd3+ 22. Kxd3 Qxf3+ 23. Kc2 Qe4+ 24. Kc1 Qxg4 25. Kb1 a5 26. Ng3 h5 27. Rhg1 g6 28. Ka1 Qh3 29. Re2 a4 30. Rc1 h4 31. Nf1 a3 32. Rec2 axb2+ 33. Kxb2 Qa3+ 34. Kb1 Qd3 35. Kb2 Qa3+ 36. Kb1 Kd8 37. Rxc7 b3 38. Rc8+ Kd7 39. axb3 Qxb3+ 40. Ka1 Qa4+ 41. Kb2 Qb5+ 42. Ka3 f5 43. Rg8 Qd3+ 44. Kb2 f4 45. Rg7+ Kd6 46. Rg8 Qb5+ 47. Kc3 Qc5+ 48. Kd2 Qd5+ 49. Ke2 Ke5 50. Nd2 Qg2+ 51. Kd3 Qh3+ 52. Kc4 Qg2 53. Kd3 Qd5+ 54. Ke2 Qg2+ 1/2-1/2

[Event "Valencia-chT Honor"]
[Site "Valencia"]
[Date "2009.01.17"]
[Round "2.2"]
[White "Mengual Bolo, Carles"]
[Black "Roca Galarza, Jose"]
[Result "0-1"]
[WhiteElo "2109"]
[BlackElo "2320"]
[PlyCount "114"]
[EventDate "2009.01.10"]
[EventType "team"]
[EventRounds "5"]
[EventCountry "ESP"]
[SourceTitle "EXT 2010"]
[Source "ChessBase"]
[SourceDate "2010.11.25"]
[SourceVersion "1"]
[SourceVersionDate "2010.11.25"]
[SourceQuality "1"]
[WhiteTeam "Oliva"]
[BlackTeam "Castellon"]
[WhiteTeamCountry "ESP"]
[BlackTeamCountry "ESP"]

1. d4 Nf6 2. Nf3 e6 3. Bf4 c5 4. e3 Nc6 5. c3 b6 6. h3 Be7 7. Nbd2 0-0 8. Bd3 Bb7 9. 0-0 Rc8 10. Re1 d6 11. Qe2 Qd7 12. Bg3 cxd4 13. exd4 Rfe8 14. a3 g6 15. Nc4 Bf8 16. Rad1 b5 17. Ncd2 a6 18. Ne4 Nxe4 19. Bxe4 Na5 20. Ng5 Be7 21. Bxb7 Nxb7 22. Ne4 f5 23. Nd2 Bf6 24. Nb3 Qc6 25. Qd3 Qc4 26. Nc1 Qxd3 27. Nxd3 g5 28. f4 h6 29. Re2 Kf7 30. Rde1 g4 31. h4 d5 32. Bf2 Nd6 33. Nc5 Ne4 34. Nxe4 dxe4 35. g3 a5 36. Rc2 Rc6 37. Kf1 Rec8 38. Rec1 Be7 39. Ke2 Ke8 40. Be3 Kd7 41. Bd2 Bf6 42. Be3 Kd6 43. Bd2 Bxd4 44. Rd1 Ke7 45. Be1 Bc5 46. Rcd2 Rd6 47. Rxd6 Bxd6 48. Bf2 Bc5 49. Be1 Rd8 50. Rxd8 Kxd8 51. c4 bxc4 52. Bxa5+ Kd7 53. Bc3 h5 54. Be1 Bd4 55. Bc3 Bxc3 56. bxc3 Kc6 57. Ke3 Kb5 0-1

[Event "Valencia-chT Honor"]
[Site "Valencia"]
[Date "2009.01.10"]
[Round "1.2"]
[White "Roca Galarza, Jose"]
[Black "Mullor Gomez, Luis"]
[Result "1/2-1/2"]
[WhiteElo "2320"]
[BlackElo "2353"]
[PlyCount "84"]
[EventDate "2009.01.10"]
[EventType "team"]
[EventRounds "5"]
[EventCountry "ESP"]
[SourceTitle "EXT 2010"]
[Source "ChessBase"]
[SourceDate "2010.11.25"]
[SourceVersion "1"]
[SourceVersionDate "2010.11.25"]
[SourceQuality "1"]
[WhiteTeam "Castellon"]
[BlackTeam "Alzicapital"]
[WhiteTeamCountry "ESP"]
[BlackTeamCountry "ESP"]

1. Nf3 g6 2. c4 Bg7 3. d4 c5 4. e4 cxd4 5. Nxd4 Nc6 6. Be3 Nf6 7. Nc3 0-0 8. Be2 b6 9. 0-0 Bb7 10. f3 d6 11. Nxc6 Bxc6 12. Qb3 e6 13. Rfd1 Qe7 14. Qb4 Rfd8 15. Bg5 h6 16. Bh4 g5 17. Bg3 Ne8 18. Rd2 Rd7 19. Rad1 Rad8 20. Bf1 Kf8 21. Qb3 Be5 22. Ne2 Bxg3 23. hxg3 Ng7 24. g4 Bb7 25. Qa4 Ba8 26. Qb3 d5 27. cxd5 exd5 28. Qb5 Qc5+ 29. Qxc5+ bxc5 30. Nc3 d4 31. Na4 Rc7 32. Rc1 Ne6 33. b3 Ke7 34. Bc4 Kd6 35. Kf2 Bc6 36. Nb2 Nf4 37. g3 Ng6 38. Be2 Bb7 39. Rdc2 Ne5 40. Rd1 Ke7 41. Bb5 Rd6 42. Rdc1 Rf6 1/2-1/2

[Event "Cullera op-A"]
[Site "Cullera"]
[Date "2007.07.12"]
[Round "9"]
[White "Roca Galarza, Jose"]
[Black "Aymerich Rosell, Pablo"]
[Result "0-1"]
[WhiteElo "2308"]
[BlackElo "2206"]
[PlyCount "132"]
[EventDate "2007.07.06"]
[EventType "swiss"]
[EventRounds "9"]
[EventCountry "ESP"]
[SourceTitle "CBM 119 Extra"]
[Source "ChessBase"]
[SourceDate "2007.09.04"]
[SourceVersion "1"]
[SourceVersionDate "2007.09.04"]
[SourceQuality "1"]

1. c4 e5 2. Nc3 Nf6 3. Nf3 Nc6 4. g3 d5 5. cxd5 Nxd5 6. Bg2 Nb6 7. 0-0 Be7 8. a3 a5 9. d3 0-0 10. Be3 Re8 11. Rc1 Bf8 12. Nb5 a4 13. Ng5 Ra5 14. Nc3 Nd4 15. Nge4 c6 16. Nd2 Bg4 17. f3 Be6 18. Qe1 Nf5 19. Bf2 h6 20. Kh1 Be7 21. Nce4 Nd4 22. Nc3 f5 23. f4 exf4 24. gxf4 Bf6 25. e4 Nb5 26. exf5 Bf7 27. Nde4 Bd4 28. Bxd4 Nxd4 29. f6 Rh5 30. fxg7 Kxg7 31. Rg1 Kh8 32. Qf2 Nf5 33. Bf3 Rh4 34. Rg4 Rg8 35. Rxh4 Nxh4 36. Be2 Rg2 37. Qc5 Nd5 38. Qd4+ Kh7 39. Rg1 Qg8 40. Nxd5 Rxg1+ 41. Qxg1 Bxd5 42. Qf2 Nf5 43. Bf3 Qf7 44. Ng3 Nh4 45. Be4+ Kg8 46. f5 Bxe4+ 47. dxe4 Qc4 48. Qe2 Qc1+ 49. Nf1 Qf4 50. Kg1 Nf3+ 51. Kg2 Ne5 52. Qe3 Qg4+ 53. Ng3 h5 54. h3 Qg7 55. Qf4 Nd3 56. Qd2 Qxb2 57. Qxb2 Nxb2 58. Nxh5 Nc4 59. Nf6+ Kf7 60. Nd7 Nxa3 61. Nc5 b5 62. e5 Nc4 63. e6+ Kf6 64. Ne4+ Ke7 65. Kf3 a3 66. Nc5 Na5 0-1

[Event "Cullera 4th"]
[Site "Cullera"]
[Date "2006.07.23"]
[Round "8"]
[White "Fenollar Jorda, Manuel"]
[Black "Roca Galarza, Jose"]
[Result "1-0"]
[WhiteElo "2329"]
[BlackElo "2338"]
[PlyCount "66"]
[EventDate "2006.06.21"]
[EventType "tourn"]
[EventRounds "9"]
[EventCountry "ESP"]
[SourceTitle "EXT 2007"]
[Source "ChessBase"]
[SourceDate "2006.11.23"]
[SourceVersion "1"]
[SourceVersionDate "2006.11.23"]
[SourceQuality "1"]

1. d4 Nf6 2. Nf3 e6 3. e3 b6 4. Bd3 Bb7 5. Nbd2 d5 6. Ne5 Bd6 7. f4 Qe7 8. Qf3 Nbd7 9. Bb5 Bxe5 10. fxe5 Ne4 11. 0-0 0-0 12. Nxe4 dxe4 13. Qg3 f5 14. exf6 Nxf6 15. Bd2 Rac8 16. a3 c5 17. dxc5 Qxc5 18. c4 Qc7 19. Qh3 a6 20. Qxe6+ Kh8 21. Ba4 Qxc4 22. Qxc4 Rxc4 23. Bb3 Rcc8 24. Bb4 Rfe8 25. Rad1 Bc6 26. Bf7 Bb5 27. Rf4 Red8 28. Rxd8+ Rxd8 29. Be7 Rd1+ 30. Kf2 Rd7 31. Bxf6 gxf6 32. Be6 Rd2+ 33. Kg3 Kg7 1-0

[Event "Cullera 4th"]
[Site "Cullera"]
[Date "2006.07.22"]
[Round "3"]
[White "Roca Galarza, Jose"]
[Black "Lafuente, Pablo"]
[Result "0-1"]
[WhiteElo "2338"]
[BlackElo "2414"]
[PlyCount "76"]
[EventDate "2006.06.21"]
[EventType "tourn"]
[EventRounds "9"]
[EventCountry "ESP"]
[SourceTitle "EXT 2007"]
[Source "ChessBase"]
[SourceDate "2006.11.23"]
[SourceVersion "1"]
[SourceVersionDate "2006.11.23"]
[SourceQuality "1"]

1. Nf3 Nf6 2. c4 b6 3. g3 c5 4. Bg2 Bb7 5. 0-0 e6 6. Nc3 d6 7. d4 cxd4 8. Qxd4 Be7 9. b3 0-0 10. Bb2 a6 11. e4 Qc7 12. e5 Nc6 13. Qd2 dxe5 14. Rad1 Rad8 15. Qe2 Nd4 16. Nxd4 Bxg2 17. Kxg2 exd4 18. Ne4 Qc6 19. Rfe1 e5 20. f3 Nd7 21. Nf2 Bb4 22. Rf1 Rfe8 23. Qe4 Qc7 24. Nd3 Nc5 25. Nxc5 bxc5 26. Rf2 Qc8 27. g4 Rd6 28. Re2 f6 29. Bc1 g6 30. Kh1 Qd7 31. Rd3 Kh8 32. h3 f5 33. gxf5 gxf5 34. Qh4 Rg6 35. Bg5 Qc6 36. Rg2 e4 37. fxe4 fxe4 38. Rdg3 Be1 0-1